| 000 | 00707nam a22002055i 4500 | ||
|---|---|---|---|
| 001 | 177599 | ||
| 003 | ES-MaACL | ||
| 005 | 20250809060038.0 | ||
| 008 | 110405s1966 sp |||| | spa d | ||
| 080 | _a347.44 | ||
| 100 | 1 |
_aSantos Briz, Jaime. _9103492 |
|
| 245 | 1 | 3 |
_aLa contratación privada _b: sus problemas en el tráfico moderno / _cpor Jaime Santos Briz. |
| 260 |
_aMadrid : _bMontecorvo, _c1966. |
||
| 300 |
_a408 p. ; _c25 cm. |
||
| 490 | 1 |
_aMonografías. Colección de estudios jurídicos ; _v12 |
|
| 650 | 0 | 7 |
_aContratos _2embne _911326 |
| 830 | 0 |
_aMonografías. Colección de estudios jurídicos ; _v12 _9190484 |
|
| 852 |
_aES-MaACL _jE-14802 _xOlim P-860-bis |
||
| 999 |
_c177599 _d177599 |
||